LEADER 03124nam 22005533u 450 001 9910462398003321 005 20210128152646.0 010 $a1-283-58489-1 010 $a9786613897343 010 $a1-135-75672-4 035 $a(CKB)2670000000238129 035 $a(EBL)214577 035 $a(OCoLC)475921412 035 $a(MiAaPQ)EBC214577 035 $a(EXLCZ)992670000000238129 100 $a20130418d2012|||| u|| | 101 0 $aeng 135 $aur|n|---||||| 200 10$aRomantic Periodicals and Print Culture$b[electronic resource] 210 $aHoboken $cTaylor and Francis$d2012 215 $a1 online resource (203 p.) 300 $aDescription based upon print version of record. 311 $a0-7146-5437-X 327 $aCover; ROMANTIC PERIODICALS AND PRINT CULTURE; Copyright; Contents; Foreword; Introduction; Mary Robinson, the Monthly Magazine, and the Free Press; Correcting Mrs Opie's Powers: The Edinburgh Review of Amelia Opie's Poems (1802); Novel Marriages, Romantic Labor, and the Quarterly Press; Reading the Rhetoric of Resistance in William Cobbett's Two-Penny Trash; "May the married be single, and the single happy:" Blackwood's, the Maga for the Single Man; Blackwood's Edinburgh Magazine and the Construction of Wordsworth's Genius; Detaching Lamb's Thoughts 327 $aThe New Monthly Magazine and the Liberalism of the 1820sAbstracts; Notes on Contributors; Index 330 $aBuilding on a revival of scholarly interest in the cultural effects of early 19th-century periodicals, the essays in this collection treat periodical writing as intrinsically worthy of attention not a mere backdrop to the emergence of British Romanticism but a site in which Romantic ideals were challenged, modified, and developed.Contributors to the volume discuss a range of different periodicals, from the elite Quarterly and Edinburgh Reviews, through William Cobbett's populist weekly newspaper Two-Penny Trash, to the miscellaneous monthly magazines typified by Blackwood's. While some 606 $aEnglish literature - 18th century - History and criticism 606 $aEnglish literature - 19th century - History and criticism 606 $aEnglish prose literature--19th century--History and criticism 606 $aGender identity in literature 606 $aPeriodicals - Great Britain - History - 19th century 606 $aRomanticism - Great Britain 608 $aElectronic books. 615 4$aEnglish literature - 18th century - History and criticism. 615 4$aEnglish literature - 19th century - History and criticism. 615 4$aEnglish prose literature--19th century--History and criticism. 615 4$aGender identity in literature. 615 4$aPeriodicals - Great Britain - History - 19th century. 615 4$aRomanticism - Great Britain. 676 $a820.9/007 676 $a820.9007 700 $aWheatley$b Kim$0960204 801 0$bAU-PeEL 801 1$bAU-PeEL 801 2$bAU-PeEL 906 $aBOOK 912 $a9910462398003321 996 $aRomantic Periodicals and Print Culture$92176366 997 $aUNINA LEADER 01848nam 2200541I 450 001 9910702593403321 005 20141211124657.0 035 $a(CKB)5470000002428240 035 $a(OCoLC)898038147 035 $a(EXLCZ)995470000002428240 100 $a20141211j201312 ua 0 101 0 $aeng 135 $aurmn||||||||| 181 $ctxt$2rdacontent 182 $cc$2rdamedia 183 $acr$2rdacarrier 200 10$aObservation of intralaminar cracking in the edge crack torsion specimen /$fMichael W. Czabaj, James G. Ratcliffe, Barry D. Davidson 210 1$aHampton, Virginia :$cNational Aeronautics and Space Administration, Langley Research Center,$dDecember 2013. 215 $a1 online resource (20 pages) $cillustrations (some color) 225 1 $aNASA/TP ;$v2013-218143 300 $aTitle from title screen (viewed Dec. 3, 2014). 300 $a"December 2013." 320 $aIncludes bibliographical references (pages 11-13). 606 $aEdge cracks$2nasat 606 $aInspection$2nasat 606 $aTorsion$2nasat 606 $aDelaminating$2nasat 606 $aFracture strength$2nasat 606 $aFiber composites$2nasat 606 $aLaminates$2nasat 615 7$aEdge cracks. 615 7$aInspection. 615 7$aTorsion. 615 7$aDelaminating. 615 7$aFracture strength. 615 7$aFiber composites. 615 7$aLaminates. 700 $aCzabaj$b Michael W.$01409252 702 $aRatcliffe$b James G. 702 $aDavidson$b Barry D. 712 02$aLangley Research Center, 712 02$aUnited States.$bNational Aeronautics and Space Administration, 801 0$bGPO 801 1$bGPO 906 $aBOOK 912 $a9910702593403321 996 $aObservation of intralaminar cracking in the edge crack torsion specimen$93495155 997 $aUNINA